Cartoon critters

Bibliographic Details
Other Authors: Board, Editorial
Format: Book
Published: Selangor : Penerbit mega setia emas , 2005
Series:Step by step drawing 2
Subjects:

MARC

LEADER 00000cam a2200000 7i4500
001 0000004345
005 20151222.0
008 070725
020 |a 9831438078 
020 |a 9831438159(set) 
090 0 0 |a JF   |b ART ENG (5314) 
245 0 0 |a Cartoon critters 
260 |a Selangor :   |b Penerbit mega setia emas ,   |c 2005 
440 0 |a Step by step drawing 2 
500 |a Children ages 7-9 years old (orange) 
650 0 |a Art   |x Juvinale literature 
650 0 |a Junior fiction   |x English   |x Languages 
700 1 |a Board, Editorial 
999 |a 0000973301   |b Book   |c Children Collection   |e Cawangan Bandar Tenggara 
999 |a 0000973302   |b Book   |c Children Collection   |e Perbadanan Perpustakaan Awam Johor 
999 |a 0000973303   |b Book   |c Children Collection   |e Cawangan Pontian 
999 |a 0000973304   |b Book   |c Children Collection   |e Perbadanan Perpustakaan Awam Johor 
999 |a 0000973305   |b Book   |c Children Collection   |e Perbadanan Perpustakaan Awam Johor 
999 |a 0001050350   |b Book   |c Children Collection   |e Cawangan Bandar Tenggara 
999 |a 0001055019   |b Book   |c Children Collection   |e Cawangan Segamat 
999 |a 0001146623   |b Book   |c Children Collection   |e Cawangan Bandar Tenggara 
999 |a 0001152079   |b Book   |c Children Collection   |e Cawangan Mersing 
999 |a 0001152081   |b Book   |c Children Collection   |e Cawangan Bandar Penawar 
999 |a 0001152082   |b Book   |c Children Collection   |e Cawangan Tmn. Ungku Tun Aminah